Quiz trrrrrrrrrrrrrrrrrrrrrrrrrrrrès difficile - Statistiques

Statistiques générales
  • Ce quiz a été pris 71 fois
  • Le résultat moyen est 32 sur 43
Statistiques - réponses
Questions Réponses % Correct
9+10= 21
100%
9+10= 21
100%
9+10= 21
100%
9+10= 21
100%
9+10= 21
100%
9+10= 21
100%
9+10= 21
100%
9+10= 21
100%
9+10= 21
95%
9+10= 21
95%
9+10= 21
95%
9+10= 21
95%
9+10= 21
95%
9+10= 21
95%
9+10= 21
93%
9+10= 21
91%
9+10= 21
91%
9+10= 21
91%
9+10= 21
91%
9+10= 21
91%
9+10= 21
91%
9+10= 21
89%
9+10= 21
86%
9+10= 21
84%
9+10= 21
82%
9+10= 21
75%
9+10= 21
73%
9+10= 21
70%
9+10= 21
66%
9+10= 21
64%
9+10= 21
64%
9+10= 21
64%
9+10= 21
61%
9+10= 21
59%
9+10= 21
59%
9+10= 21
59%
9+10= 21
16%
9+10= 21
16%
9+10= 21
16%
9+10= 21
16%
9+10= 21
14%
9+10= 21
14%
9+10= 21
14%
Aucun quiz correspondant
Distribution des résultats
% des personnes avec chaque résultat
Percentile par nombre de réponses
Votre historique - résultats
Vous n’avez pas pris ce quiz